Normal view
MARC view
- MS Thesis Mechanics Engineering
Entry Topical Term
001 - CONTROL NUMBER
- control field: 29327
003 - CONTROL NUMBER IDENTIFIER
- control field: NUST
005 - DATE AND TIME OF LATEST TRANSACTION
- control field: 20200811162201.0
008 - FIXED-LENGTH DATA ELEMENTS
- fixed length control field: 200811|| aca||aabn | a|a d
040 ## - CATALOGING SOURCE
- Original cataloging agency: NUST
- Transcribing agency: NUST
150 ## - HEADING--TOPICAL TERM
- Topical term or geographic name entry element: MS Thesis Mechanics Engineering
670 ## - SOURCE DATA FOUND
- Source citation: Work cat.: (NUST): Hassan,Arslan 29326, Design, FEM Modeling and Optimization of MEMS based Wideband Vibrational Energy Harvester for Low Power Applications /, 2018.
